مكتبة جامعة عجلون الوطنية

فهرس بحث المكتبة

Normal view MARC view
  • Burrough, peter A and Mcdonnell، Rachael A and Lloyd،Christopher D

Entry Personal Name

Number of records used in: 1

001 - CONTROL NUMBER

  • control field: 5141

003 - CONTROL NUMBER IDENTIFIER

  • control field: JO-AjAnu

005 - DATE AND TIME OF LATEST TRANSACTION

  • control field: 20230606071133.0

008 - FIXED-LENGTH DATA ELEMENTS

  • fixed length control field: 230606|| aca||aabn | a|a d

040 ## - CATALOGING SOURCE

  • Original cataloging agency: JO-AjAnu
  • Transcribing agency: JO-AjAnu

100 ## - HEADING--PERSONAL NAME

  • Personal name: Burrough, peter A and Mcdonnell، Rachael A and Lloyd،Christopher D

670 ## - SOURCE DATA FOUND

  • Source citation: Work cat.: (JO-AjAnu)2656: Burrough, peter A and Mcdonnell، Rachael A and Lloyd،Christopher D, author, Principles of geographical information systems